000 00365pam a2200157a 44500
008 230515b1995 xxu||||| |||| 00| 0 eng d
020 _aNULL
041 _aENGLISH
082 _aN.D.
100 _aHougen O. A Watson K. M
245 _aChemical Process Principles Part-l
250 _a0
260 _aNULL
_bG B S Pub.
_c1995
300 _a500
650 _aNULL
999 _c576593
_d576593